Phương pháp lập kế hoạch phát triển năng lực công nghệ : (Tài liệu hướng dẫn)

Đã lưu trong:
書目詳細資料
格式: 圖書
語言:Undetermined
出版: Hà Nội Trung tâm thông tin tư liệu khoa học và công nghệ quốc gia 1997
主題:
標簽: 添加標簽
沒有標簽, 成為第一個標記此記錄!
Thư viện lưu trữ: Trung tâm Học liệu Trường Đại học Cần Thơ
LEADER 00769nam a2200193Ia 4500
001 CTU_21125
008 210402s9999 xx 000 0 und d
020 |b 22.500đ 
082 |a 601 
082 |b Ph561/T.6 
245 0 |a Phương pháp lập kế hoạch phát triển năng lực công nghệ : 
245 0 |b (Tài liệu hướng dẫn) 
245 0 |c Nguyễn Mạch Quân, Nguyễn Tử Bình (dịch) ; Phạm Văn Vu, Phạm Quang Lộc (hiệu đính) 
260 |a Hà Nội 
260 |b Trung tâm thông tin tư liệu khoa học và công nghệ quốc gia 
260 |c 1997 
650 |a Technology 
904 |i Nguyễn Quang Điền 
980 |a Trung tâm Học liệu Trường Đại học Cần Thơ